000 00448nam a2200193Ia 4500
008 240510s9999 xx 000 0 und d
020 _a0000672305623
041 _aEng
082 _a006.69
082 _bL15
100 _aLAMOTHE, ANDRE
245 0 _aTEACH YOURSELF GAME PROGRAMMING IN 21 DAYS
260 _bINDIANAPOLIS : SAMS
260 _c1994
300 _a948 p.
650 _aGEME PROGRAMMING :
942 _2ddc
942 _cRBK
999 _c25765
_d25765
945 _a1
_bMadushi Gamage
_c1
_dMadushi Gamage